01399nam a22003617a 4500003000500000005001700005008004100022010001000063011001000073035001000083040000900093090001000102100004500112245014500157260004100302300002100343502010700364590003700471590004100508590004100549590004100590590004100631590004200672650003700714650002900751650002500780650003400805901000700839942001000846949003600856999001700892952012800909CHAP20220329135601.0971013s1982 r 00010 d a38870 a39842 a43967 cCHAP aTesis00aMolina González, Elma Patricia.977357 aCombate de los picudos de los graneros (Sitophilus spp.) en granos almacenados , por métodos físico y químico, Apodaca, N.L. 1981-1982 a(Monterrey, N.L.) :bEl autor,c1982 a61 h.b; gráfs aTesis (Ing. Agrónomo Esp. en Parasitología) -- ITESM. Div. de Ciencias Agropecuarias y Marítimas aALEPHb10c20130110lUCH01h1305 aBATCH-UPDb10c20130109lUCH01h2309 aBATCH-UPDb10c20130110lUCH01h1204 aBATCH-UPDb10c20130409lUCH01h1826 aBATCH-UPDb10c20130914lUCH01h0913 aCONVERSIONb10c20130109lUCH01h132214aCerealesxAlmacenamiento.92137314aCerealesxPlagas.92145014aInsecticidas.95885514aSitophilus granarius.9106788 aBK cTESIS bBCcTESd-100620eTS1i43967si c38870d38870 00102local4051708TESISaBCbBCcPA_TESISd2012-12-17fTESISl0oTesisp-100620r2019-12-31 00:00:00w2019-12-31yTESIS